000
00269nam a2200097Ia 4500
008
230508s2004 xx 000 0 und d
041
_a
eng
100
_a
STEVENS W. RICHARD
245
_a
ADVANCED PROGRAMMING IN THE UNIX ENVIRENMENT
260
_b
PEARSON EDUCATION IN
_c
2004
999
_c
714986
_d
714986